1342 1503 1038 1902 1265 1914 1792 1167 1595 1539 1544 1102 1062 1506 1207 1078 1090 1648 1776 1753 1651 1478 1722 1747 1920 1104 1599 1012 1215 1695 1114 1972 1355 1334 1169 1171 1753 1262 1296 1790 1295 1679 1101 1554 1210 1739 1022 1530 1330 1508 1951 1318 1329 1176 1590 1841 1861 1778 1211 1278 1582 1747 1727 1982 1140 1556 1168 1793 1455 1122 1937 1930 1482 1759 1039 1115 1054 1225 1137 1839 1696 1368 1268 1361 1130 1769 1446 1864 1405 1622 1660 1065 1599 1496 1497 1013 1729 1056 1542 BCNSPRNW ULIB Ver.6.0+V

เปลี่ยนเป็นภาษาไทย

Change to English
 แสดงรายละเอียดบรรณานุกรม
  กลับหน้าหลัก

Brief Record : Get Marc (ISO 2709) : E-mail record : QR code < ปิดหน้าต่าง
LEADER : 00000nam 2200000uu 4500
001    13399112771
003     ULIB
008    110907s2002||||th 000 0 eng d
050  4 LB1029.P67^bK58D 2002
100 0  Klenowski, Val
245 10 Developing portfolios for learning and assessmant processes and principles/^cKlenowski, Val
260    London :^bThe Cromwell press,^c2002
300    156 หน้า
650  7 Portfolios in education
945    ^p0^l0^i016769
945    ^p0^l0^i016770
945    ^p0^l0^i016771
945    ^p0^l0^i016772
945    ^p0^l0^i016773
995    ทศพร
999 ^a ทศพร
รายการนี้ยังไม่มีแท็ก
คุณยังไม่ได้ล็อกอิน คุณสามารถมีกิจกรรมร่วมกับเว็บไซต์ได้ แต่ต้องล็อกอินก่อน ::
  ล็อกอิน

รายการสื่อสารสนเทศ

ลำดับที่ ประเภท เลขเรียก/บาร์โค้ด สถานที่ สถานะ
- ไม่พบข้อมูล -

BibComment


ยังไม่เคยถูกคอมเมนท์

คอมเมนท์ทรัพยากรรายการนี้
  คอมเมนท์: Developing portfo..


 Copyright 2026. Bcnsprnw @Library